| 000 | 01018nam a2200301Ia 4500 | ||
|---|---|---|---|
| 001 | Para_495 | ||
| 003 | CHAP | ||
| 008 | 220125s2000 xx 000 0 und d | ||
| 010 | _a199250 | ||
| 040 | _cCHAP | ||
| 090 | _aPA TESIS 1500 | ||
| 100 |
_aCantero García, Manuel _918463 |
||
| 245 |
_aMaíz transgénico : _b una nueva opción para el control de plagas / _c por Manuel Cantero García |
||
| 260 |
_aChapingo, Méx. : _b el autor |
||
| 300 | _a86 h. | ||
| 502 | _aTesis (Ing. Agr. Esp. en Parasitología Agrícola) -- UACh. Departamento Parasitología Agrícola | ||
| 650 |
_aMaíz _x variedades _971081 |
||
| 650 |
_aMaíz _x variedades resistentes a enfermedades _971082 |
||
| 650 |
_aMaíz _x variedades resistentes a plagas _971083 |
||
| 710 |
_aUACh. Departamento Parasitología Agrícola _9164025 |
||
| 901 | _aPA TESIS 1500 | ||
| 902 | _aA | ||
| 905 | _a0000002000 dn 0000000000 00 | ||
| 910 | _a2000 | ||
| 942 | _cPARA | ||
| 942 |
_cPARA _d1 |
||
| 999 |
_c199250 _d199250 |
||